[Event "9th Asian Continental w"]
[Site "Olongapo City PHI"]
[Date "2010.04.25"]
[Round "5"]
[White "Ding Yixin"]
[Black "Sachdev,T"]
[Result "1-0"]
[WhiteElo "2315"]
[BlackElo "2393"]
[EventDate "2010.04.21"]

1. e4 e5 2. Nf3 Nc6 3. Bb5 a6 4. Ba4 Nf6 5. O-O Be7 6. Re1 b5 7. Bb3 d6 8.
c3 O-O 9. d3 Na5 10. Bc2 c5 11. Nbd2 Nc6 12. a4 Bb7 13. Nf1 Re8 14. Ng3 g6
15. h4 d5 16. axb5 axb5 17. Rxa8 Qxa8 18. exd5 Nxd5 19. h5 Nf6 20. Ng5 c4
21. dxc4 bxc4 22. h6 Qd8 23. Qe2 Na5 24. Ba4 Qd5 25. f3 Ra8 26. Be3 Qd3 27.
Qf2 Nb3 28. Bxb3 cxb3 29. Bc5 Ng4 30. fxg4 Bxg5 31. Rxe5 Qd1+ 32. Nf1 Qxg4
33. Bd4 Bxh6 34. Rb5 Be4 35. Rxb3 Qf4 36. Qe2 Ra1 37. Rb4 Bf8 38. Rb6 Qf5
39. Rf6 Qd5 40. Rf2 Bg7 41. Bxg7 Kxg7 42. Qe3 Bd3 43. Qf4 Bc4 44. Qf6+ Kg8
45. Kh2 Ra6 46. Qh4 Qe5+ 47. Kg1 Qc7 48. Rf4 Qb6+ 49. Kh2 Ra5 50. Qe7 Rh5+
51. Kg3 Be6 52. Rb4 Qa6 53. Rb8+ Kg7 54. Qf8+ Kf6 55. Qd8+ Kg7 56. Ne3 Qa1
57. Qf8+ Kf6 58. Qh8+ Kg5 59. Rb5+ f5 60. Qd8+ Kh6 61. Qf8+ Kg5 62. Qe7+
Kh6 63. Qxe6 1-0

[Event "9th Asian Continental w"]
[Site "Olongapo City PHI"]
[Date "2010.04.25"]
[Round "5"]
[White "Wang Jue"]
[Black "Nguyen Thi Thanh An"]
[Result "1/2-1/2"]
[WhiteElo "2180"]
[BlackElo "2309"]
[EventDate "2010.04.21"]

1. e4 c5 2. Nf3 Nc6 3. d4 cxd4 4. Nxd4 Nf6 5. Nc3 e6 6. Bg5 d6 7. Qd2 a6 8.
O-O-O Bd7 9. f4 h6 10. Bh4 Nxe4 11. Qe1 g5 12. Nxe4 Nxd4 13. Rxd4 gxh4 14.
Nxd6+ Bxd6 15. Rxd6 Qc7 16. Rd4 O-O-O 17. Rc4 Bc6 18. Bd3 Kb8 19. Qxh4 Qa5
20. a3 Bxg2 21. Re1 Bd5 22. Rb4 Rc8 23. Qf6 Qc7 24. Qe5 Ka8 25. Qxc7 Rxc7
26. Rg1 Rcc8 27. Rg7 Rhg8 28. Rxf7 Rg1+ 29. Kd2 Rg2+ 30. Ke3 Rxh2 31. Be4
b5 32. c3 Kb8 33. a4 Rc4 34. Rxc4 Bxc4 35. axb5 axb5 36. Rh7 Rxb2 37. Kd4
Rf2 38. Kc5 Bd5 39. Kb6 Kc8 40. Bd3 Bc4 41. Kc6 Kb8 42. Rb7+ Kc8 43. Rf7
Kb8 44. Be4 Bd5+ 45. Bxd5 exd5 46. f5 h5 47. Kxb5 h4 48. Kb6 Kc8 49. Kc6
Kd8 50. Kxd5 h3 51. Ke6 Re2+ 52. Kf6 Rc2 53. Rf8+ Kd7 54. Rh8 Rxc3 55. Kf7
Kd6 56. Kf8 Rg3 57. Rh6+ Kd5 58. Kf7 Ke5 59. f6 Rf3 60. Rh5+ Rf5 61. Rxf5+
Kxf5 62. Ke7 h2 63. f7 h1=Q 64. f8=Q 1/2-1/2

[Event "9th Asian Continental w"]
[Site "Olongapo City PHI"]
[Date "2010.04.25"]
[Round "5"]
[White "Ju Wenjun"]
[Black "Tan Zhongyi"]
[Result "0-1"]
[WhiteElo "2500"]
[BlackElo "2464"]
[EventDate "2010.04.21"]

1. d4 Nf6 2. c4 g6 3. Nc3 Bg7 4. e4 d6 5. Be2 O-O 6. Nf3 e5 7. Be3 Ng4 8.
Bg5 f6 9. Bh4 Nc6 10. d5 Ne7 11. O-O g5 12. Bg3 Nh6 13. Rc1 Ng6 14. Nd2 f5
15. exf5 Nxf5 16. Nde4 b6 17. Bg4 Nf4 18. b4 a5 19. a3 axb4 20. axb4 h6 21.
Bxf4 exf4 22. Nb5 Kh8 23. Re1 Bd7 24. Bxf5 Rxf5 25. Nexd6 cxd6 26. Nxd6 Ba4
27. Qd3 Qxd6 28. Qxf5 Qxb4 29. h3 Qd2 30. Qg6 Qd4 31. Re7 Rg8 32. Qe4 Qxe4
33. Rxe4 Bb2 34. Rce1 Bc3 35. Rc1 Bb4 36. Ra1 Bd7 37. Ra7 Rd8 38. Re2 Bc5
39. Rb7 f3 40. Ra2 fxg2 41. Kxg2 Bf5 42. Re2 Kg8 43. f3 Rd7 44. Rb8+ Kf7
45. Rh8 Kg7 46. Ree8 Ra7 47. Ra8 Rxa8 48. Rxa8 Kf7 49. Rb8 Bd3 50. d6 Ke6
51. Rh8 Bxc4 52. Rxh6+ Kd7 53. Rg6 Be3 0-1

[Event "9th Asian Continental w"]
[Site "Olongapo City PHI"]
[Date "2010.04.25"]
[Round "5"]
[White "Pham Le Thao Nguyen"]
[Black "Bernales,C"]
[Result "1/2-1/2"]
[WhiteElo "2338"]
[BlackElo "2043"]
[EventDate "2010.04.21"]

1. Nf3 d5 2. d4 Nf6 3. c4 e6 4. g3 Be7 5. Bg2 O-O 6. O-O b6 7. cxd5 exd5 8.
Nc3 Bb7 9. Bf4 Nbd7 10. Qc2 c5 11. Rfd1 c4 12. Ne5 a6 13. Nxc4 b5 14. Nd6
Bxd6 15. Bxd6 Re8 16. a3 Qb6 17. Bf4 Rac8 18. Qd2 Qe6 19. Re1 Nb6 20. b3
Ne4 21. Nxe4 dxe4 22. Qb2 Nd5 23. Bd2 e3 24. Bxe3 Nxe3 25. Bxb7 Rc2 26. Qb1
Rc7 27. Be4 Qxe4 28. Qxe4 Rxe4 29. fxe3 Rxe3 30. b4 Kf8 31. Kf2 Rcc3 32. a4
Re4 33. axb5 axb5 34. e3 Rb3 35. Ra7 Re7 36. Ra8+ Re8 37. Ra5 Rxb4 38. Kf3
Rb3 39. h4 f5 40. Ra6 Re4 41. Kf2 b4 42. Rb6 Re7 43. Rb8+ Kf7 44. Rb5 g6
45. Kf3 Ke8 46. h5 Kf7 47. hxg6+ Kxg6 48. g4 fxg4+ 1/2-1/2

[Event "9th Asian Continental w"]
[Site "Olongapo City PHI"]
[Date "2010.04.25"]
[Round "5"]
[White "Hoang Thi Bao Tram"]
[Black "Dewi,A"]
[Result "1-0"]
[WhiteElo "2318"]
[BlackElo "1945"]
[EventDate "2010.04.21"]

1. d4 Nf6 2. Bg5 d5 3. Nf3 c6 4. e3 Bf5 5. Bxf6 exf6 6. Bd3 Bg6 7. O-O Bd6
8. c4 O-O 9. Bxg6 hxg6 10. Qb3 Qd7 11. cxd5 cxd5 12. Nc3 Rd8 13. Nxd5 Bxh2+
14. Kxh2 Qxd5 15. Qxd5 Rxd5 16. Rfc1 Nc6 17. Rc4 f5 18. Rac1 Rad8 19. g3 f6
20. Ne1 R5d7 21. Kg2 Kf7 22. Ra4 Ra8 23. Nd3 Ne7 24. Rac4 Rad8 25. Nb4 Ke6
26. R1c3 g5 27. Kf3 g4+ 28. Ke2 Nd5 29. Nxd5 Kxd5 30. Rc8 Rxc8 31. Rxc8 g5
32. Kd3 Ke6 33. b4 Rh7 34. a4 f4 35. exf4 gxf4 36. Ke4 fxg3 37. fxg3 Rd7
38. Rc5 b6 39. Rc6+ Rd6 40. Rxd6+ Kxd6 41. Kf4 Kd5 42. Kxg4 Kxd4 43. Kf5
Kc4 44. Kxf6 Kxb4 45. g4 Kxa4 46. g5 a5 47. g6 b5 48. g7 b4 49. g8=Q b3 50.
Qc4+ Ka3 51. Qc1+ Ka2 52. Qd2+ b2 53. Qxa5+ Kb3 54. Qb5+ Kc2 55. Qc4+ Kd2
56. Qb3 Kc1 57. Qc3+ Kb1 1-0

[Event "9th Asian Continental w"]
[Site "Olongapo City PHI"]
[Date "2010.04.25"]
[Round "5"]
[White "Lkhamsuren,U"]
[Black "Suede,M"]
[Result "1-0"]
[WhiteElo "2115"]
[BlackElo "1949"]
[EventDate "2010.04.21"]

1. e4 e6 2. d4 d5 3. e5 c5 4. c3 Qb6 5. Nf3 Nc6 6. a3 Nh6 7. b4 cxd4 8.
cxd4 Nf5 9. Bb2 Be7 10. Bd3 a5 11. Bxf5 exf5 12. Nc3 Be6 13. b5 a4 14. O-O
Na5 15. Qxa4 O-O 16. Qc2 Rfc8 17. a4 Bb4 18. Rfc1 Rc4 19. Qd1 Bxc3 20. Rxc3
Rac8 21. Rac1 Qd8 22. Rxc4 Nxc4 23. Bc3 Qe7 24. Qb3 Na5 25. Qb2 Nc4 26. Qb4
Qxb4 27. Bxb4 Ra8 28. Ra1 Bd7 29. Bc3 Rc8 30. Kf1 Be8 31. Ke1 Nxe5 32. Nxe5
Rxc3 33. Ke2 Rc8 34. b6 f6 35. Nd3 Rc4 36. a5 Bc6 37. Rc1 Kf8 38. Rxc4 dxc4
39. Nb4 Bxg2 40. a6 bxa6 41. d5 a5 42. b7 axb4 43. b8=Q+ Kf7 44. Qc7+ 1-0

[Event "9th Asian Continental w"]
[Site "Olongapo City PHI"]
[Date "2010.04.25"]
[Round "5"]
[White "Meenakshi,Sub"]
[Black "Muminova,N"]
[Result "1-0"]
[WhiteElo "2348"]
[BlackElo "2338"]
[EventDate "2010.04.21"]

1. d4 Nf6 2. c4 e6 3. Nc3 d5 4. cxd5 exd5 5. Bg5 Nbd7 6. e3 Bb4 7. Bd3 c5
8. Nge2 c4 9. Bb1 O-O 10. O-O Be7 11. b3 Nb6 12. Nf4 Be6 13. bxc4 dxc4 14.
Nxe6 fxe6 15. Qc2 g6 16. Ne2 Nfd5 17. Bh6 Rf7 18. e4 Nb4 19. Qc3 Nc6 20.
Kh1 Bf6 21. Be3 Rd7 22. Rd1 Qf8 23. Bc2 Rad8 24. e5 Be7 25. a3 Qf7 26. Ng3
Rc7 27. Be4 Nd5 28. Bxd5 exd5 29. Rab1 Qf8 30. f4 Bh4 31. Nf1 Qf5 32. Nd2
Rf8 33. Rg1 h5 34. Rb5 Rd7 35. Nxc4 a6 36. Rc5 Be7 37. Nb6 Bxc5 38. Nxd7
Bxd4 39. Bxd4 Qxd7 40. Qd2 Rc8 41. Re1 Nd8 42. Be3 Ne6 43. Qd3 Kg7 44. f5
gxf5 45. Qxf5 Qf7 46. Bh6+ Kg8 47. Qd3 d4 48. Rf1 Rc3 49. Qd1 Qg6 50. Rf6
Qd3 51. Qxd3 Rxd3 52. g4 Nc5 53. g5 Kh7 54. Bf8 Nd7 55. g6+ Kg8 56. Bh6
Nxf6 57. exf6 Rf3 58. f7+ Rxf7 59. gxf7+ Kxf7 60. Kg2 Ke6 61. Kf3 Kd5 62.
Ke2 Kc5 63. Kd2 d3 64. Bf8+ Kd4 65. Bd6 Kd5 66. Be7 Kd4 67. a4 b5 68. axb5
axb5 69. Bd6 h4 70. Be7 h3 71. Bf6+ Ke4 72. Bc3 Kf3 73. Kxd3 Kg2 74. Be5
Kf3 75. Kc3 Ke4 76. Bg3 Kd5 77. Kb4 Kc6 78. Bf2 Kd6 79. Kxb5 Kd5 80. Kb4
Ke5 81. Kc4 Ke4 82. Bg3 Ke3 83. Kd5 Kf3 84. Ke5 Kg4 85. Ke4 Kg5 86. Kf3 Kh5
87. Be1 Kg5 88. Kg3 Kh5 89. Kxh3 Kg5 90. Bd2+ Kh5 91. Kg3 Kg6 92. Kg4 Kh7
93. Kf5 Kg7 94. h4 1-0

[Event "9th Asian Continental w"]
[Site "Olongapo City PHI"]
[Date "2010.04.25"]
[Round "5"]
[White "Salvador,A"]
[Black "Hakimifard,G"]
[Result "1/2-1/2"]
[WhiteElo "2058"]
[BlackElo "2151"]
[EventDate "2010.04.21"]

1. e4 c5 2. c3 Nf6 3. e5 Nd5 4. d4 cxd4 5. Nf3 Nc6 6. cxd4 d6 7. Bc4 Nb6 8.
Bb3 dxe5 9. d5 Na5 10. Nc3 Nxb3 11. Qxb3 g6 12. Nxe5 Bg7 13. Bf4 O-O 14.
O-O Bf5 15. Rfd1 Nd7 16. Nxd7 Qxd7 17. d6 Be6 18. Qa3 Rfe8 19. Ne4 exd6 20.
Nxd6 Red8 21. h3 Qc6 22. Rac1 Qb6 23. b3 Rd7 24. Nc4 Rxd1+ 25. Rxd1 Bxc4
26. bxc4 Bd4 27. Be3 Bxe3 28. Qxe3 Qc7 29. Rd4 Kg7 30. Qc3 Qe5 31. f4 Qf6
32. Qd2 Rc8 33. Kh2 Rc6 34. Qe3 h5 35. Qe5 b6 36. Rd7 Rxc4 37. Rxa7 Rxf4
38. Qb8 Rf2 39. Ra8 Qf4+ 40. Qxf4 Rxf4 41. a4 h4 42. a5 bxa5 43. Rxa5 Kf6
44. Ra2 Kg5 45. Re2 Rd4 46. Rf2 f5 47. Ra2 Kf4 48. Re2 Rb4 49. Ra2 Rc4 50.
Kg1 g5 51. Rf2+ Ke5 52. Re2+ Re4 53. Ra2 g4 54. hxg4 fxg4 55. Kh2 Kf4 56.
Rf2+ Ke3 57. Ra2 Rd4 58. Ra3+ Kf4 59. Ra2 Ke3 60. Ra3+ Ke2 61. Ra2+ Ke3 62.
Ra3+ Ke2 63. Ra8 Rd2 64. Rg8 h3 65. Rxg4 hxg2 1/2-1/2

[Event "9th Asian Continental w"]
[Site "Olongapo City PHI"]
[Date "2010.04.25"]
[Round "5"]
[White "Xu Huahua"]
[Black "Mendoza,B"]
[Result "1-0"]
[WhiteElo "2082"]
[BlackElo "2078"]
[EventDate "2010.04.21"]

1. e4 e5 2. Nf3 Nc6 3. Bb5 Nf6 4. d3 d6 5. h3 Be7 6. a3 O-O 7. Nc3 a6 8.
Bc4 Be6 9. Nd5 Nb8 10. Nxe7+ Qxe7 11. Bxe6 fxe6 12. Bg5 Qd7 13. O-O Nc6 14.
Qe2 Qf7 15. Bxf6 Qxf6 16. Rae1 Ne7 17. Nh2 Ng6 18. g3 Rf7 19. h4 Raf8 20.
Ng4 Qf3 21. Qxf3 Rxf3 22. h5 Ne7 23. h6 gxh6 24. Nxh6+ Kg7 25. Ng4 h5 26.
Nh2 R3f6 27. Re3 Ng6 28. Kg2 h4 29. Ng4 R6f7 30. Rh1 Rh8 31. Rf3 Rxf3 32.
Kxf3 hxg3 33. Rxh8 g2 34. Kxg2 Nxh8 35. a4 Ng6 36. Kf3 Nh4+ 37. Ke2 Ng2 38.
b4 b6 39. a5 b5 40. c4 Nf4+ 41. Kd2 c6 42. c5 dxc5 43. Nxe5 cxb4 44. Nxc6
b3 45. Nb4 Kf6 46. Nxa6 b2 47. Kc2 Nxd3 48. Nc7 Ke5 49. f3 Kf4 50. a6 Nb4+
51. Kxb2 Nc6 52. Nxe6+ Ke5 53. Nc7 Na7 54. Kb3 Kd6 55. Nd5 Nc6 56. Nb4 Na5+
57. Kc3 Kc7 58. Nd5+ Kb8 59. Kb4 Nc6+ 60. Kxb5 Na7+ 61. Kc5 Nc8 62. f4 Ka7
63. f5 Kxa6 64. f6 1-0

[Event "9th Asian Continental w"]
[Site "Olongapo City PHI"]
[Date "2010.04.25"]
[Round "5"]
[White "Hoang Thi Nhu Y"]
[Black "Al Zarouni,K"]
[Result "1-0"]
[WhiteElo "2200"]
[BlackElo "1868"]
[EventDate "2010.04.21"]

1. c4 e5 2. Nc3 Nf6 3. Nf3 Nc6 4. d3 h6 5. g3 Bb4 6. Bd2 d6 7. Bg2 Be6 8.
a3 Bxc3 9. Bxc3 O-O 10. O-O Qc8 11. Re1 Bh3 12. Bh1 Re8 13. Nd2 Ng4 14. b4
Qf5 15. Ne4 Qh5 16. e3 f5 17. Nd2 Qg6 18. b5 Nd8 19. Qc2 Rb8 20. a4 Nf7 21.
f3 Nf6 22. f4 Ng4 23. Nf3 exf4 24. exf4 Re3 25. Rxe3 Nxe3 26. Qd2 Ng4 27.
Re1 h5 28. Re7 Nfh6 29. Ng5 h4 30. Bd5+ Kf8 1-0

[Event "9th Asian Continental w"]
[Site "Olongapo City PHI"]
[Date "2010.04.26"]
[Round "6"]
[White "Hoang Thi Bao Tram"]
[Black "Wang Yu A"]
[Result "1/2-1/2"]
[WhiteElo "2318"]
[BlackElo "2335"]
[EventDate "2010.04.21"]

1. d4 d5 2. c4 c6 3. Nc3 Nf6 4. Nf3 e6 5. Bg5 dxc4 6. e4 b5 7. e5 h6 8. Bh4
g5 9. Nxg5 hxg5 10. Bxg5 Nbd7 11. exf6 Qa5 12. Be2 Bb7 13. O-O O-O-O 14.
Bf3 b4 15. Ne4 Ne5 16. a3 Nxf3+ 17. Qxf3 Rxd4 18. Be3 Qe5 19. Ng3 Rdh4 20.
h3 c5 21. Qe2 Rg8 22. Rfd1 Bh6 23. Re1 Bxe3 24. Qxe3 Qd5 25. Qf3 Qxf3 26.
gxf3 Bxf3 27. Re3 Bb7 28. Kf1 b3 29. Re5 Rxh3 30. Rxc5+ Kb8 31. Ke2 Bd5 32.
Rd1 Kb7 33. Rc1 Rgxg3 34. fxg3 Rxg3 35. Rb5+ Kc7 36. Kd2 Rf3 37. Ke2 Rg3
38. Kd2 Rf3 39. Ke2 Rg3 40. Kd2 Rf3 1/2-1/2

[Event "9th Asian Continental w"]
[Site "Olongapo City PHI"]
[Date "2010.04.26"]
[Round "6"]
[White "Pourkashiyan,A"]
[Black "Ding Yixin"]
[Result "1-0"]
[WhiteElo "2292"]
[BlackElo "2315"]
[EventDate "2010.04.21"]

1. e4 c5 2. Nf3 d6 3. d4 cxd4 4. Nxd4 Nf6 5. Nc3 a6 6. Be2 e5 7. Nb3 Be7 8.
O-O O-O 9. Be3 Be6 10. Qd2 Nbd7 11. a4 Rc8 12. f3 Nb6 13. a5 Nc4 14. Bxc4
Bxc4 15. Rfd1 Qc7 16. Nc1 Be6 17. Bb6 Qb8 18. N1a2 Nd7 19. Nb4 Nxb6 20.
axb6 Bd8 21. Ncd5 Rc5 22. Kh1 h6 23. b3 f5 24. exf5 Bxf5 25. c4 Kh8 26. Nc3
Rc8 27. Qe3 Bg5 28. Qe2 Bd8 29. Ncd5 Rc5 30. Ra2 Qc8 31. Nc3 Qe6 32. Rad2
Be7 33. Ne4 Bxe4 34. Qxe4 a5 35. Nd5 Bd8 36. g3 Rc6 37. Nf4 Qf6 38. Ng6+
Kg8 39. Nxf8 Qxf8 40. c5 Rxc5 41. Rxd6 Be7 42. R6d5 Rc6 43. Rxe5 1-0

[Event "9th Asian Continental w"]
[Site "Olongapo City PHI"]
[Date "2010.04.26"]
[Round "6"]
[White "Kiran,M"]
[Black "Tan Zhongyi"]
[Result "1/2-1/2"]
[WhiteElo "2259"]
[BlackElo "2464"]
[EventDate "2010.04.21"]

1. e4 d6 2. d4 Nf6 3. Nc3 g6 4. Be3 c6 5. h3 Bg7 6. Qd2 O-O 7. Bd3 b5 8. a4
b4 9. Nce2 a5 10. Nf3 Ba6 11. c3 bxc3 12. bxc3 Bxd3 13. Qxd3 d5 14. e5 Ne4
15. O-O f6 16. exf6 exf6 17. Rab1 Re8 18. Rb2 Nd7 19. Rfb1 Qe7 20. c4 Nd6
21. cxd5 cxd5 22. Nc3 Qf7 23. Bf4 Nc4 24. Rb7 Qe6 25. Nd2 Ndb6 26. Nxc4
Nxc4 27. Nb5 Qe4 28. Qxe4 Rxe4 29. Bg3 f5 30. Rd7 Nb6 31. Rb7 Nc4 32. Rd7
Nb6 33. Rb7 Nc4 34. Rd7 Nb6 35. Rb7 Nc4 36. Rd7 1/2-1/2

[Event "9th Asian Continental w"]
[Site "Olongapo City PHI"]
[Date "2010.04.26"]
[Round "6"]
[White "Wang Jue"]
[Black "Sukandar,I"]
[Result "1/2-1/2"]
[WhiteElo "2180"]
[BlackElo "2316"]
[EventDate "2010.04.21"]

1. e4 c5 2. Nf3 Nc6 3. d4 cxd4 4. Nxd4 e6 5. Nc3 d6 6. Be3 Nf6 7. f3 Be7 8.
Qd2 O-O 9. O-O-O d5 10. exd5 Nxd5 11. Nxd5 Qxd5 12. c4 Qd6 13. Nxc6 Qxc6
14. Qc2 e5 15. Rd5 Qc7 16. Qe4 Be6 17. Bd3 f5 18. Qxe5 Qc6 19. Kb1 Bxd5 20.
cxd5 Qd6 21. f4 Qd7 22. g4 Bd6 23. Bxf5 Bxe5 24. Bxd7 Bxf4 25. Be6+ Kh8 26.
Bc5 Rfd8 27. Bd4 Bd6 28. h4 Rf8 29. h5 Rf4 30. Bc3 Bb4 31. Bxb4 Rxb4 32.
Rf1 Rb6 33. g5 a5 34. g6 a4 35. a3 h6 36. Rf7 Rd8 37. Kc2 Rb3 38. Re7 Rb6
39. Kc3 Rb3+ 40. Kc2 Rb6 41. Rc7 Rf8 42. Bf7 Rd8 43. Rc4 Ra6 44. Kc3 Ra5
45. Kb4 Ra6 46. Kb5 Rda8 47. Rc7 Ra5+ 48. Kb4 R5a7 49. d6 b5 50. Kc5 b4 51.
axb4 a3 52. Ba2 axb2 53. Bb1 Kg8 54. Rxa7 Rxa7 55. b5 Kf8 56. b6 Ra3 57.
Kc6 Ke8 58. b7 Rc3+ 59. Kb6 Rb3+ 60. Kc6 Rc3+ 61. Kb6 Rb3+ 62. Kc6 Rc3+ 63.
Kb6 Rb3+ 1/2-1/2

[Event "9th Asian Continental w"]
[Site "Olongapo City PHI"]
[Date "2010.04.26"]
[Round "6"]
[White "Nguyen Thi Thanh An"]
[Black "Lkhamsuren,U"]
[Result "1-0"]
[WhiteElo "2309"]
[BlackElo "2115"]
[EventDate "2010.04.21"]

1. c4 Nf6 2. Nc3 e6 3. e4 c5 4. e5 Ng8 5. d4 d6 6. exd6 Bxd6 7. Nf3 Nc6 8.
d5 Nce7 9. dxe6 Bxe6 10. Nb5 Nc8 11. Ng5 Bf5 12. Qd5 Qe7+ 13. Be3 Bg6 14.
Be2 Be5 15. Bxc5 Nf6 16. Bxe7 Nxd5 17. Ba3 Nf4 18. Nf3 Bb8 19. Nh4 Be4 20.
f3 Bc6 21. Nf5 g6 22. Ne3 a6 23. Nd4 Ba7 24. Rd1 Ne7 25. g3 Nxe2 26. Kxe2
Bxd4 27. Rxd4 Nf5 28. Nxf5 gxf5 29. Rhd1 Rg8 30. Kf2 f6 31. Rf4 Bd5 32.
Re1+ Kd7 33. Re7+ Kc8 34. Rd4 1-0

[Event "9th Asian Continental w"]
[Site "Olongapo City PHI"]
[Date "2010.04.26"]
[Round "6"]
[White "Bernales,C"]
[Black "Ju Wenjun"]
[Result "0-1"]
[WhiteElo "2043"]
[BlackElo "2500"]
[EventDate "2010.04.21"]

1. e4 c5 2. Nc3 d6 3. f4 g6 4. Nf3 Bg7 5. Bc4 Nc6 6. d3 e6 7. O-O Nge7 8.
a3 O-O 9. Ba2 Nd4 10. Nxd4 cxd4 11. Ne2 Bd7 12. Bd2 Qb6 13. Bb3 a5 14. a4
Nc6 15. Qe1 Nb4 16. Rf3 Rfc8 17. Rc1 Rc5 18. Kh1 Rac8 19. c4 dxc3 20. bxc3
Nxd3 21. Rxd3 Qxb3 22. Rxd6 Bxa4 23. Rb1 Qc4 24. e5 Rd5 25. Rxb7 Bc6 26.
Rxc6 Qxc6 27. Rb2 a4 28. Nd4 Qa6 29. Qb1 a3 30. Ra2 Bf8 31. h4 Rd7 32. h5
Rb7 33. Qc2 Qf1+ 34. Kh2 Qb1 35. hxg6 hxg6 36. Bc1 Qxc2 37. Rxc2 Rb1 38.
Ne2 Ra1 39. Kg3 a2 40. Kf3 Ra8 0-1

[Event "9th Asian Continental w"]
[Site "Olongapo City PHI"]
[Date "2010.04.26"]
[Round "6"]
[White "Sachdev,T"]
[Black "Pham Le Thao Nguyen"]
[Result "1-0"]
[WhiteElo "2393"]
[BlackElo "2338"]
[EventDate "2010.04.21"]

1. d4 d5 2. c4 c6 3. Nf3 Nf6 4. Nc3 a6 5. cxd5 cxd5 6. Bf4 Nc6 7. Rc1 Qb6
8. Na4 Qa5+ 9. Bd2 Qd8 10. e3 e6 11. Bd3 Bd6 12. O-O O-O 13. Qb3 Rb8 14.
Nc5 Qe7 15. Be2 Ne4 16. Nxe4 dxe4 17. Ne5 Bd7 18. Nxd7 Qxd7 19. Qc2 f5 20.
f3 exf3 21. Bxf3 Ne7 22. Qb3 Kh8 23. g3 Ng6 24. Rc4 e5 25. Bh5 f4 26. gxf4
exf4 27. e4 f3 28. Rxf3 Rxf3 29. Qxf3 Rf8 30. Bg4 Qd8 31. Qe2 Qh4 32. e5
Be7 33. Rc3 Nf4 34. Bxf4 Rxf4 35. Rc8+ Bd8 36. Bf3 Rxd4 37. e6 Qe7 38. Qe5
Rd6 39. Qf5 g6 40. Qe5+ Kg8 41. Bd5 h5 1-0

[Event "9th Asian Continental w"]
[Site "Olongapo City PHI"]
[Date "2010.04.26"]
[Round "6"]
[White "Xu Huahua"]
[Black "Meenakshi,Sub"]
[Result "0-1"]
[WhiteElo "2082"]
[BlackElo "2348"]
[EventDate "2010.04.21"]

1. e4 e5 2. Nf3 Nc6 3. Bb5 a6 4. Ba4 Nf6 5. d3 b5 6. Bb3 Bc5 7. Nc3 h6 8.
a4 b4 9. Nd5 d6 10. h3 Na5 11. Ba2 b3 12. cxb3 Nc6 13. b4 Nxb4 14. Nxb4
Bxb4+ 15. Bd2 Rb8 16. O-O O-O 17. a5 c5 18. Bc4 Bxd2 19. Qxd2 Nh5 20. Rab1
Rb4 21. Kh2 Qxa5 22. Nh4 Be6 23. Nf5 Qd8 24. Qe2 Nf4 25. Qg4 Bxf5 26. exf5
Nxd3 27. Qe2 Rxc4 28. Qxd3 Rd4 29. Qxa6 Qc8 30. Qxc8 Rxc8 31. b3 Rb8 32.
Rfd1 Kf8 33. f4 Rxf4 34. Rxd6 Rxf5 35. Rd5 Rb5 36. Rbd1 g6 37. g4 Rf3 38.
Rxe5 Rbxb3 39. Rxc5 Rxh3+ 40. Kg2 Rhg3+ 41. Kf2 Rxg4 0-1

[Event "9th Asian Continental w"]
[Site "Olongapo City PHI"]
[Date "2010.04.26"]
[Round "6"]
[White "Hakimifard,G"]
[Black "Dewi,A"]
[Result "1-0"]
[WhiteElo "2151"]
[BlackElo "1945"]
[EventDate "2010.04.21"]

1. e4 c5 2. Nf3 e6 3. d4 cxd4 4. Nxd4 Nc6 5. Nc3 d6 6. Be3 Nf6 7. Bd3 Be7
8. O-O O-O 9. h3 a6 10. f4 Qc7 11. Qf3 Nxd4 12. Bxd4 e5 13. Be3 exf4 14.
Qxf4 Be6 15. Rae1 b5 16. a3 Qb7 17. Bd4 Rad8 18. Qg5 Ne8 19. Qh5 g6 20. Qe2
Nc7 21. Qe3 Rfe8 22. Ne2 d5 23. e5 a5 24. Ng3 Bf8 25. Rf3 Bc8 26. Nh5 Ne6
27. Nf6+ Kh8 28. Nxe8 Nxd4 29. Qxd4 Rxe8 30. Qf4 Be6 31. Qd2 Qb6+ 32. Kh1
Bg7 33. Qe2 Rb8 34. Rf4 Kg8 35. c3 Qc6 36. Rd4 Qc5 37. Bb1 Bd7 38. Ba2 Be6
39. Qf3 Rd8 40. b4 axb4 41. axb4 Qe7 42. Bxd5 Bh8 43. Qe4 Rc8 44. Rd3 Bd7
45. Rf3 Bf5 46. Qe3 h5 47. Rf2 Rd8 48. Be4 Bc8 49. Bc6 Bf5 50. Bxb5 Rd5 51.
Qb6 Qh4 52. Kg1 Bxe5 53. Rxe5 1-0

[Event "9th Asian Continental w"]
[Site "Olongapo City PHI"]
[Date "2010.04.26"]
[Round "6"]
[White "Suede,M"]
[Black "Salvador,A"]
[Result "0-1"]
[WhiteElo "1949"]
[BlackElo "2058"]
[EventDate "2010.04.21"]

1. e4 e6 2. d4 d5 3. Nd2 dxe4 4. Nxe4 Nd7 5. Nf3 Ngf6 6. Nxf6+ Nxf6 7. Bd3
b6 8. O-O Bb7 9. c3 Bd6 10. Bc2 h6 11. h3 g5 12. Ba4+ c6 13. c4 Qc7 14. Bd2
O-O-O 15. Rc1 g4 16. hxg4 Nxg4 17. c5 Bh2+ 18. Kh1 Rd5 19. cxb6 axb6 20.
Qc2 b5 21. Bb3 Rh5 22. a4 Bf4+ 23. Kg1 Nh2 24. Rfd1 Nxf3+ 25. gxf3 bxa4 26.
Bc4 c5 27. Qd3 Bxd2 28. Rxd2 Rg8+ 0-1

[Event "9th Asian Continental w"]
[Site "Olongapo City PHI"]
[Date "2010.04.26"]
[Round "6"]
[White "Mendoza,B"]
[Black "Hoang Thi Nhu Y"]
[Result "0-1"]
[WhiteElo "2078"]
[BlackElo "2200"]
[EventDate "2010.04.21"]

1. e4 c6 2. d4 d5 3. exd5 cxd5 4. c4 Nf6 5. Nc3 Nc6 6. cxd5 Nxd5 7. Nf3 g6
8. Qb3 Nxc3 9. bxc3 Bg7 10. Be2 O-O 11. O-O Na5 12. Qb4 Be6 13. Bf4 Rc8 14.
Rfe1 Bd5 15. Rac1 e6 16. Bd6 Re8 17. Nd2 Nc6 18. Qa3 Bh6 19. f4 Qf6 20. Rf1
Nxd4 21. Bd3 Nf5 22. Be5 Qd8 23. c4 Bc6 24. Ne4 Bg7 25. Bxg7 Kxg7 26. Qc3+
f6 27. Rfd1 Qe7 28. c5 Rcd8 29. Bc2 Rxd1+ 30. Rxd1 e5 31. g4 Nd4 32. Kf2
Nxc2 33. Qxc2 exf4 34. Nd6 Qe3+ 35. Kf1 Qf3+ 36. Kg1 Qh1+ 0-1

[Event "9th Asian Continental w"]
[Site "Olongapo City PHI"]
[Date "2010.04.26"]
[Round "6"]
[White "Muminova,N"]
[Black "Al Zarouni,K"]
[Result "1-0"]
[WhiteElo "2338"]
[BlackElo "1868"]
[EventDate "2010.04.21"]

1. e4 e5 2. Bc4 Bc5 3. Nf3 d6 4. c3 Nf6 5. d3 h6 6. h3 a6 7. a4 Qe7 8. Nbd2
a5 9. O-O g5 10. d4 Bb6 11. dxe5 dxe5 12. b3 g4 13. Ba3 c5 14. hxg4 Bxg4
15. Bb5+ Nc6 16. Nc4 Bc7 17. Qd3 Bd7 18. Rfd1 O-O-O 19. Qe3 b6 20. b4 Ng4
21. Qc1 Kb7 22. bxc5 bxc5 23. Qb2 Ka7 24. Rd5 Qf6 25. Bxc5+ Ka8 26. Rb1 Qe6
27. Bd6 Rc8 28. Bxc7 Rxc7 29. Nb6+ Ka7 30. Nxd7 Rxd7 31. Bxc6 1-0

[Event "9th Asian Continental w"]
[Site "Olongapo City PHI"]
[Date "2010.04.27"]
[Round "7"]
[White "Wang Yu A"]
[Black "Nguyen Thi Thanh An"]
[Result "1-0"]
[WhiteElo "2335"]
[BlackElo "2309"]
[EventDate "2010.04.21"]

1. e4 c5 2. Nf3 Nc6 3. d4 cxd4 4. Nxd4 Nf6 5. Nc3 d6 6. Be2 g6 7. Be3 Bg7
8. O-O O-O 9. Qd2 a6 10. Rfd1 Nxd4 11. Bxd4 Be6 12. a4 Rc8 13. a5 Qc7 14.
Bb6 Qb8 15. Rab1 Rfe8 16. f3 Nd7 17. Na4 Bc4 18. Bxc4 Rxc4 19. b3 Nxb6 20.
Nxb6 Rd4 21. Qe3 Rxd1+ 22. Rxd1 Qc7 23. c4 e6 24. b4 Be5 25. g3 h5 26. Kg2
Rd8 27. f4 Bf6 28. h3 Kg7 29. g4 hxg4 30. hxg4 Rh8 31. g5 Be7 32. c5 Kg8
33. Kg3 Rh5 34. Kg4 Qc6 35. cxd6 Bxd6 36. Rc1 Qb5 37. Rc4 Bxb4 38. Qd4 Kh7
39. Qf6 Bf8 40. Qxf7+ Bg7 41. f5 exf5+ 42. exf5 gxf5+ 43. Kxh5 1-0

[Event "9th Asian Continental w"]
[Site "Olongapo City PHI"]
[Date "2010.04.27"]
[Round "7"]
[White "Ju Wenjun"]
[Black "Pourkashiyan,A"]
[Result "0-1"]
[WhiteElo "2500"]
[BlackElo "2292"]
[EventDate "2010.04.21"]

1. d4 d5 2. c4 Nc6 3. Nc3 dxc4 4. d5 Ne5 5. Bf4 Ng6 6. Bg3 e6 7. e4 Nf6 8.
dxe6 Bxe6 9. f4 Qxd1+ 10. Rxd1 Bg4 11. Rc1 Bb4 12. e5 Nd5 13. h3 Bf5 14.
Nge2 O-O-O 15. a3 Ba5 16. Bf2 Ndxf4 17. Nxf4 Nxf4 18. Bxc4 Bd3 19. Bg3
Nxg2+ 20. Kf2 Bxc4 21. Kxg2 Bxc3 22. Rxc3 Bd5+ 0-1

[Event "9th Asian Continental w"]
[Site "Olongapo City PHI"]
[Date "2010.04.27"]
[Round "7"]
[White "Ding Yixin"]
[Black "Wang Jue"]
[Result "1-0"]
[WhiteElo "2315"]
[BlackElo "2180"]
[EventDate "2010.04.21"]

1. e4 c5 2. Ne2 d6 3. g3 Nf6 4. Bg2 Nc6 5. O-O g6 6. c3 h5 7. h3 Bd7 8. d4
cxd4 9. cxd4 Qc8 10. Kh2 Bg7 11. Nbc3 e5 12. dxe5 Nxe5 13. Qxd6 Nc4 14. Qd1
h4 15. g4 Ne5 16. f3 Qc7 17. Kh1 O-O-O 18. Qc2 Bb5 19. Bf4 Bd3 20. Qa4 Nfd7
21. Qxa7 Qc5 22. Qxc5+ Nxc5 23. Rfc1 Kb8 24. Be3 Ne6 25. Nf4 Bh6 26. Nxe6
Bxe3 27. Nxd8 Rxd8 28. Rd1 g5 29. Bf1 Rd4 30. Nd5 Bf2 31. Rac1 Bxf1 32.
Rxd4 Be2 33. Rd2 Bxf3+ 34. Kh2 Bg3+ 35. Kg1 Bxe4 36. Rdd1 f5 37. Nf6 Bf3
38. Rd8+ Ka7 39. gxf5 g4 40. Nxg4 Nxg4 41. hxg4 Be5 42. Rf1 Bc6 43. f6 1-0